Riadenie teploty
Na minha lista:
| Autor principal: | |
|---|---|
| Outros Autores: | |
| Formato: | Manuscrito Livro |
| Idioma: | eslovaco |
| Publicado em: |
Bratislava :
STU v Bratislave FEI,
2012
|
| Assuntos: | |
| Acesso em linha: | VAIS |
| Tags: |
Sem tags, seja o primeiro a adicionar uma tag!
|
MARC
| LEADER | 00000ntm a22000003a 4500 | ||
|---|---|---|---|
| 001 | stu252075 | ||
| 005 | 20160526102713.0 | ||
| 008 | 120720s2012----xo------------------slo-d | ||
| 040 | |a STU |b slo | ||
| 041 | 0 | |a slo | |
| 044 | |a xo | ||
| 100 | 1 | |a Vyskoč, Peter, |d 1986- |4 aut |u E |T FEI Fakulta elektrotechniky a informatiky |X 35491 |U E |Y 30 |7 A000035491 | |
| 242 | 0 | 0 | |a Temperature control |y eng |
| 245 | 1 | |a Riadenie teploty | |
| 260 | |a Bratislava : |b STU v Bratislave FEI, |c 2012 | ||
| 300 | |a 69 s |c 5 príl. | ||
| 650 | 7 | |a Cybernetics |2 estusub | |
| 700 | 1 | |a Drahoš, Peter |4 ths |u E010 |T FEI Ústav riadenia a priemyselnej informatiky |X 3709 |U E010 |Y E010 |7 A000003709 | |
| 856 | 4 | |a info a plný text |u http://is.stuba.sk/zp/portal_zp.pl?podrobnosti=81528 |3 VAIS | |
| 996 | |b 284EP10313 |c E*DIPL-10313 |l EE23 |s P |a 0 |w stu252075_0001 | ||